|
|
|
|
| LEADER |
01093nam a2200253 a 4500 |
| 001 |
521557 |
| 008 |
090712s1997 enk 001 0 eng d |
| 010 |
|
|
|a 86133498
|
| 020 |
|
|
|a 1853264725
|
| 040 |
|
|
|a DLC
|c DLC
|d DLC
|
| 082 |
0 |
0 |
|a 824/.3
|2 19
|
| 100 |
1 |
|
|a Bacon, Francis,
|d 1561-1626.
|
| 245 |
1 |
4 |
|a The essays /
|c Francis Bacon ; edited with an introduction by John Strachan
|
| 260 |
|
|
|a Herdfortshire :
|b Wordsworth Editions Limited,
|c 1997.
|
| 300 |
|
|
|a ix, 169 p. ;
|c 20 cm.
|
| 490 |
1 |
|
|a Wordsworth classics of World Literature.
|
| 504 |
|
|
|a Includes index
|
| 541 |
1 |
|
|e 00012069
|
| 650 |
|
0 |
|a English essays
|y Early modern, 1500-1700.
|
| 700 |
1 |
|
|a Strachan, John.
|
| 852 |
4 |
|
|a Ayesha Abed Library
|j General shelf
|
| 999 |
|
|
|c 2277
|d 2277
|
| 952 |
|
|
|0 0
|1 4
|2 ddc
|4 0
|6 824_300000000000000_BAC
|7 0
|9 2101
|a BRACUL
|b BRACUL
|c GEN
|d 2009-07-12
|g 365.00
|l 0
|o 824.3 BAC
|p 3010012069
|r 2009-07-12
|t 1
|w 2009-07-12
|y BK
|x Koha Inventory 2020
|
| 952 |
|
|
|0 0
|1 0
|2 ddc
|4 0
|6 824_300000000000000_BAC
|7 0
|9 8820
|a BRACUL
|b BRACUL
|c GEN
|d 2010-03-28
|g 365.00
|l 7
|m 40
|o 824.3 BAC
|p 3010012068
|r 2025-08-17
|s 2025-07-15
|t 2
|w 2010-03-28
|y BK
|